التابوت الداخلى لجثمان الملك توت عنخ امون

محفوظ في:

مؤلف مشترك: "القديم" صحيفة أثرية صاحبها ومديرها المسئول حسن صبحى.

التنسيق: كتاب

اللغة: Undetermined

منشور في: Miṣr 1926

سلاسل: القديم الجزء 3،4

الوسوم: إضافة وسم

لا توجد وسوم, كن أول من يضع وسما على هذه التسجيلة!

رقم الطلب: A40 QADI

LEADER 00461nam a2200133Ia 4500
008 240404s9999||||xx |||||||||||||| ||und||
050 4 |a A40 QADI 
110 0 |a "القديم" صحيفة أثرية صاحبها ومديرها المسئول حسن صبحى. 
245 1 0 |a التابوت الداخلى لجثمان الملك توت عنخ امون 
264 1 |a Miṣr  |c 1926 
300 |a 152  |c 27 
490 0 |a القديم الجزء 3،4 
942 |2 lcc  |c BK 
999 |c 58174  |d 58174